000 00249nam a2200097Ia 4500
005 20251222114401.0
008 251222s1900||||xx |||||||||||||| ||spa||
082 _aDVD0099/M43
245 0 _aLe meraviglie d´italia.:Las maravillas de Italia
942 _cDVD
999 _c1654
_d1654